Statistiche per Riconosci la Squadra di calcio - Quiz n°142

Clicka qui per fare il quiz!

Statistiche generali

  • Questo quiz è stato fatto 2 volte
  • Il punteggio medio è 10 su 17

Statistiche sulle risposte

IndizioRisposta% Corretto
Titoli nazionali1 Scudetto Dilettanti
100%
Colori socialiRosso, nero
100%
ConfederazioneUEFA
100%
Trofei internazionali0
50%
Trofei nazionali0
50%
Fondazione1920
50%
Rifondazione1930
50%
Rifondazione1933
50%
Rifondazione1937
50%
Rifondazione1941
50%
Rifondazione1944
50%
Rifondazione1946
50%
Rifondazione1992
50%
Rifondazione2008
50%
Capienza Stadio5 544 posti
50%
Divisione nazionale 2023-2024Sesta
50%
SquadraVirtus Lanciano
0%

Distribuzione punteggi

Percentile per numero di risposta

Percentuale di utenti per punteggio

I tuoi punteggi nel tempo

Non hai fatto questo quiz